LIBRARY & INFORMATION CENTRE, KCAET, TAVANUR

ONLINE PUBLIC ACCESS CATALOGUE (OPAC)

India: A reference Manual / (Record no. 7774)

MARC details
000 -LEADER
fixed length control field 00261cam a2200109ua 4500
082 ## - DEWEY DECIMAL CLASSIFICATION NUMBER
Classification number 916.4
Item number MIN/IN
245 ## - TITLE STATEMENT
Title India: A reference Manual /
250 ## - EDITION STATEMENT
Edition statement 1 /
260 ## - PUBLICATION, DISTRIBUTION, ETC. (IMPRINT)
Place of publication India :
Name of publisher Ministry of I&B, Govt. of India ,
Year of publication 1963.
300 ## - PHYSICAL DESCRIPTION
Number of Pages 463 ; .
942 ## - ADDED ENTRY ELEMENTS (KOHA)
Koha item type Reference
Holdings
Withdrawn status Lost status Damaged status Home library Current library Date acquired Full call number Accession Number Koha item type Public note Collection code Shelving location
      KAUAET KAUAET 07/04/2012 028.75 9589 Reference      
Withdrawn     KAUAET KAUAET 07/04/2012 028.75 430 Reference Deleted    
      KAUAET KAUAET 07/04/2012 028.75 13606 Reference      
Withdrawn   Damaged KAUAET KAUAET 07/04/2012 028.75 431 Reference      
Withdrawn     KAUAET KAUAET 07/04/2012 028.75 7890 Reference      
Withdrawn     KAUAET KAUAET 07/04/2012 028.75 7889 Reference      
Withdrawn     KAUAET KAUAET 07/04/2012 916.4.MIN/IN 10978 Reference   Reference Reference
free website counter